Breakfast with Scot /
Gorde:
| Beste egile batzuk: | , , , , , , , , , , |
|---|---|
| Formatua: | |
| Hizkuntza: | ingelesa |
| Argitaratua: |
Canada :
Tla releasing,
2009
|
| Etiketak: |
Etiketarik gabe, Izan zaitez lehena erregistro honi etiketa jartzen!
|
MARC
| LEADER | 00000ngm a22000007i 4500 | ||
|---|---|---|---|
| 001 | IT\ICCU\UBO\3875528 | ||
| 003 | ItRI | ||
| 005 | 20260124182914.0 | ||
| 008 | 110712s2009 xxk|||||||||||||||k|||||c | ||
| 028 | 4 | 2 | |a TLAUK093 |
| 040 | |b ita | ||
| 041 | 7 | |a eng |2 ISO-639-2 | |
| 130 | 0 | |a Breakfast with Scot <film; 2007> |3 IT\ICCU\UBO\3875562 | |
| 245 | 0 | 0 | |a Breakfast with Scot / |c directed by Laurie Lynd ; based upon the novel by Michael Downing ; written by Sean Reycraft. |
| 260 | |a Canada : |b Tla releasing, |c 2009 | ||
| 300 | |a 1 DVD video (ca. 91 min) : |b color | ||
| 500 | |a Caratteristiche tecniche: regione 2; PAL; 2.35:1, Dolby digital 2.0 stereo | ||
| 500 | |a Titolo del contenitore | ||
| 500 | |a Interpreti: Tom Cavanagh; Ben Shenkman; Noah Bernett; Graham Greene; Fiona Reid; Jeananne Goossen; Colin Cunningham; Benz Antoine; Produzione cinematografica: Canada 2007 | ||
| 500 | |a DVD doppio strato | ||
| 500 | |a Vietato ai minori di 12 anni. | ||
| 700 | 1 | |a Greene, Graham, |d (1952-2025) |0 IT\ICCU\RAVV\228574 | |
| 700 | 1 | |a Shenkman, Ben |0 IT\ICCU\UBOV\050023 | |
| 700 | 1 | |a Cavanagh, Tom |0 IT\ICCU\UBOV\358297 | |
| 700 | 1 | |a Reid, Fiona |c (attrice) |0 IT\ICCU\UBOV\393607 | |
| 700 | 1 | |a Lynd, Laurie |0 IT\ICCU\UBOV\397397 | |
| 700 | 1 | |a Downing, Michael |0 IT\ICCU\UBOV\397401 | |
| 700 | 1 | |a Reycraft, Sean |0 IT\ICCU\UBOV\397413 | |
| 700 | 1 | |a Bernett, Noah |0 IT\ICCU\UBOV\397439 | |
| 700 | 1 | |a Goossen, Jeananne |0 IT\ICCU\UBOV\397446 | |
| 700 | 1 | |a Antoine, Benz |0 IT\ICCU\UBOV\397462 | |
| 700 | 1 | |a Cunningham, Colin |0 IT\ICCU\VEAV\027535 | |
| 942 | |2 ddc |c VM |n 0 | ||
| 952 | |0 0 |1 0 |4 0 |6 VO_1908_000000000000000 |7 0 |9 27868 |a BO |b BO |d 2026-01-24 |i 15328 |l 0 |o VO 1908 |p BO15328 |r 2026-01-24 18:29:14 |w 2026-01-24 |x [Sebina 5] [1 dvd] |y VM |z 1 dvd | ||
| 999 | |c 23627 |d 23627 | ||